[Event "Togliatti AVTOVAZ CCC"]
[Site "Togliatti"]
[Date "2008.09.05"]
[Round "4"]
[White "Tyugin, Vladimir"]
[Black "Ozhegov, Vitaly"]
[Result "1/2-1/2"]
[WhiteElo "1993"]
[BlackElo "2223"]
[PlyCount "108"]
[EventDate "2008.09.05"]
[EventType "tourn"]
[EventRounds "11"]
[EventCountry "RUS"]
[SourceTitle "EXT 2022"]
[Source "ChessBase"]
[SourceDate "2021.10.06"]
[SourceVersion "1"]
[SourceVersionDate "2021.10.06"]
[SourceQuality "1"]

1. d4 e6 2. c4 f5 3. Nf3 d5 4. g3 Nf6 5. Bg2 c6 6. b3 Bb4+ 7. Bd2 Be7 8. 0-0 0-0 9. Bf4 Ne4 10. Nbd2 Nc3 11. Qe1 Na6 12. a3 g5 13. Bxg5 Bxg5 14. Nxg5 Qxg5 15. Nf3 Nxe2+ 16. Qxe2 Qg7 17. Ne5 Nc7 18. f4 Ne8 19. c5 Nf6 20. b4 Bd7 21. a4 a6 22. Rfe1 Rfe8 23. Bf3 Re7 24. Kh1 Kh8 25. Rg1 Qh6 26. b5 Be8 27. bxc6 bxc6 28. Rab1 Rc7 29. a5 Bh5 30. Bxh5 Nxh5 31. Rb6 Rg8 32. Qf2 Qg7 33. Rgb1 Nf6 34. Rb8 h6 35. R1b6 Kh7 36. Rxg8 Qxg8 37. Rxa6 Qe8 38. Rb6 Ne4 39. Qe3 Qh5 40. Qf3 Qh3 41. a6 Rg7 42. Rb7 Nxg3+ 43. Kg1 Ne2+ 44. Kf2 Qxh2+ 45. Ke3 Nc3 46. Rxg7+ Kxg7 47. a7 Ne4 48. Qxe4 fxe4 49. a8Q Qg3+ 50. Ke2 Qg2+ 51. Ke1 Qg1+ 52. Kd2 Qf2+ 53. Kc3 Qe3+ 54. Kc2 Qe2+ 1/2-1/2

[Event "Togliatti"]
[Site "Togliatti"]
[Date "2008.06.03"]
[Round "6"]
[White "Ozhegov, Vitaly"]
[Black "Nemov, Anton"]
[Result "1-0"]
[WhiteElo "2235"]
[BlackElo "2186"]
[PlyCount "83"]
[EventDate "2008.05.29"]
[EventType "tourn"]
[EventRounds "11"]
[EventCountry "RUS"]
[EventCategory "1"]
[SourceTitle "CBM 124 Extra"]
[Source "ChessBase"]
[SourceDate "2008.07.03"]
[SourceVersion "1"]
[SourceVersionDate "2008.07.03"]
[SourceQuality "1"]

1. d4 g6 2. e4 Bg7 3. Nc3 c6 4. a4 d5 5. e5 f6 6. f4 Nh6 7. Nf3 Bg4 8. Be2 Nf5 9. a5 Nd7 10. 0-0 Nf8 11. exf6 Bxf6 12. Ne5 Bxe2 13. Nxe2 Ne6 14. c3 0-0 15. a6 Rb8 16. axb7 Bxe5 17. fxe5 c5 18. Ra6 Qd7 19. Rxa7 Rxb7 20. Rxb7 Qxb7 21. g4 Nh4 22. Rxf8+ Nxf8 23. Kf2 Ne6 24. Kg3 g5 25. Bxg5 Nxg5 26. Kxh4 Ne4 27. Qc1 e6 28. Qh6 Qe7+ 29. Kh3 Qf7 30. Nf4 Kh8 31. dxc5 Qg8 32. Nxe6 Qxe6 33. Qf8+ Qg8 34. Qxg8+ Kxg8 35. c6 Ng5+ 36. Kg3 Ne6 37. b4 Kf7 38. b5 Ke7 39. b6 Kd8 40. h4 h6 41. g5 hxg5 42. h5 1-0

[Event "Togliatti"]
[Site "Togliatti"]
[Date "2008.05.31"]
[Round "3"]
[White "Sidorov, Anatoly"]
[Black "Ozhegov, Vitaly"]
[Result "1-0"]
[WhiteElo "2437"]
[BlackElo "2235"]
[PlyCount "35"]
[EventDate "2008.05.29"]
[EventType "tourn"]
[EventRounds "11"]
[EventCountry "RUS"]
[EventCategory "1"]
[SourceTitle "CBM 124 Extra"]
[Source "ChessBase"]
[SourceDate "2008.07.03"]
[SourceVersion "1"]
[SourceVersionDate "2008.07.03"]
[SourceQuality "1"]

1. c4 Nf6 2. Nf3 g6 3. b3 Bg7 4. Bb2 c5 5. g3 Nc6 6. Bg2 0-0 7. 0-0 Rb8 8. Nc3 d6 9. d4 cxd4 10. Nxd4 Bd7 11. Rc1 Bh6 12. e3 Qb6 13. Nde2 Ne5 14. Rc2 Bc6 15. e4 Rbc8 16. h3 Ned7 17. Nd5 Nxd5 18. exd5 1-0

[Event "Togliatti"]
[Site "Togliatti"]
[Date "2008.05.30"]
[Round "2"]
[White "Ozhegov, Vitaly"]
[Black "Kapitonov, Artem"]
[Result "1-0"]
[WhiteElo "2235"]
[BlackElo "1656"]
[PlyCount "105"]
[EventDate "2008.05.29"]
[EventType "tourn"]
[EventRounds "11"]
[EventCountry "RUS"]
[EventCategory "1"]
[SourceTitle "CBM 124 Extra"]
[Source "ChessBase"]
[SourceDate "2008.07.03"]
[SourceVersion "1"]
[SourceVersionDate "2008.07.03"]
[SourceQuality "1"]

1. d4 g6 2. e4 Bg7 3. Nf3 c6 4. a4 d5 5. e5 Bg4 6. Nbd2 f6 7. Be2 Bxf3 8. Nxf3 Nd7 9. 0-0 fxe5 10. c4 e6 11. cxd5 exd5 12. dxe5 Ne7 13. Bf4 0-0 14. Qd2 Nc5 15. Ra3 Ne4 16. Qc1 Qd7 17. Nd4 Nf5 18. Nf3 g5 19. Bxg5 Nxg5 20. Qxg5 Rae8 21. Bd3 Kh8 22. Re1 a6 23. Qg4 Qf7 24. h4 Nh6 25. Qg3 Qh5 26. Rb3 b5 27. axb5 axb5 28. Rc3 Ng4 29. Rxc6 Nxe5 30. Nxe5 Bxe5 31. Qg5 Qxg5 32. hxg5 Bxb2 33. Rxe8 Rxe8 34. Bxb5 Re1+ 35. Kh2 Bc1 36. g6 hxg6 37. Rxg6 d4 38. g3 Re5 39. Bd3 Ra5 40. Rd6 Ra2 41. Kg1 Bb2 42. g4 Ra5 43. Kg2 Rg5 44. Kf3 Ra5 45. Rd7 Kg8 46. Ke4 Rg5 47. Bc4+ Kf8 48. Be6 Ke8 49. Rb7 Ba3 50. f4 Ra5 51. Kxd4 Bc1 52. f5 Bg5 53. Bc4 1-0

[Event "Privolzhskogo FO-ch"]
[Site "Togliatti"]
[Date "2007.03.24"]
[Round "3"]
[White "Ozhegov, Vitaly"]
[Black "Rodchenkov, Sergey D"]
[Result "0-1"]
[WhiteElo "2202"]
[BlackElo "2386"]
[PlyCount "80"]
[EventDate "2007.03.22"]
[EventType "swiss"]
[EventRounds "9"]
[EventCountry "RUS"]
[SourceTitle "EXT 2010"]
[Source "ChessBase"]
[SourceDate "2010.11.25"]
[SourceVersion "1"]
[SourceVersionDate "2010.11.25"]
[SourceQuality "1"]

1. d4 Nf6 2. Nf3 e6 3. g3 b5 4. a4 b4 5. c4 Bb7 6. Bg2 c5 7. e3 Be7 8. 0-0 0-0 9. a5 a6 10. Nbd2 d5 11. Ne5 cxd4 12. exd4 Nc6 13. Nxc6 Bxc6 14. f4 Qc7 15. c5 Rab8 16. Re1 Bd8 17. Nb3 Ne4 18. f5 Qd7 19. Bf4 Rb7 20. Bf1 Bb5 21. Rc1 Qc6 22. Bh3 Bf6 23. Be3 Ba4 24. Qd3 exf5 25. Bxf5 g6 26. Bh3 Re8 27. Bg2 Rbe7 28. Bxe4 Rxe4 29. Bf2 Rxe1+ 30. Bxe1 Bxb3 31. Qxb3 Bxd4+ 32. Kh1 Be3 33. Rc2 d4+ 34. Rg2 Bd2 35. Bf2 Re2 36. Kg1 Qxc5 37. Qd1 Qe5 38. h3 d3 39. Qb3 Qe4 40. Qa4 Be3 0-1